Normal view
MARC view
- القيسي، إعاد حمود
Entry Personal Name
001 - CONTROL NUMBER
- control field: 46814
003 - CONTROL NUMBER IDENTIFIER
- control field: JO-AjAnu
005 - DATE AND TIME OF LATEST TRANSACTION
- control field: 20230606081732.0
008 - FIXED-LENGTH DATA ELEMENTS
- fixed length control field: 230606|| aca||aabn | a|a d
040 ## - CATALOGING SOURCE
- Original cataloging agency: JO-AjAnu
- Transcribing agency: JO-AjAnu
100 ## - HEADING--PERSONAL NAME
- Personal name: القيسي، إعاد حمود
670 ## - SOURCE DATA FOUND
- Source citation: Work cat.: (JO-AjAnu)23961: القيسي، إعاد حمود , author, الوجيز في القانون الاداري : ذاتية القانون الإداري ، التنظيم الاداري ، النشاط الاداري ، عمال واعمال السلطة الإدارية ، أموال السلطة الإدارية